Équipes type en Ligue 1 - Trophées UNFP (2020-) - Statistiques

Statistiques générales
  • Ce quiz a été pris 110 fois
    45 depuis la dernière actualisation
  • Le résultat moyen est 55 sur 66
Statistiques - réponses
POSTE PAYS CLUB JOUEUR % Correct
DEF Maroc PSG Achraf Hakimi
100%
DEF Maroc PSG Achraf Hakimi
100%
DEF Maroc PSG Achraf Hakimi
100%
DEF Maroc PSG Achraf Hakimi
100%
G Italie PSG Gianluigi Donnarumma
100%
G Italie PSG Gianluigi Donnarumma
100%
G Costa Rica PSG Keylor Navas
100%
ATT France PSG Kylian Mbappé
100%
ATT France PSG Kylian Mbappé
100%
ATT France PSG Kylian Mbappé
100%
ATT France PSG Kylian Mbappé
100%
DEF Brésil PSG Marquinhos
100%
DEF Brésil PSG Marquinhos
100%
DEF Brésil PSG Marquinhos
100%
DEF Brésil PSG Marquinhos
100%
DEF Portugal PSG Nuno Mendes
100%
DEF Portugal PSG Nuno Mendes
100%
DEF Portugal PSG Nuno Mendes
100%
DEF Portugal PSG Nuno Mendes
100%
ATT France PSG Ousmane Dembélé
100%
ATT France PSG Ousmane Dembélé
100%
ATT France PSG Ousmane Dembélé
100%
DEF Équateur PSG Willian Pacho
100%
DEF Équateur PSG Willian Pacho
100%
ATT France PSG Désiré Doué
98%
MIL Portugal PSG João Neves
98%
ATT Angleterre OM Mason Greenwood
98%
ATT Brésil PSG Neymar Jr
98%
MIL Portugal PSG Vitinha
98%
MIL Portugal PSG Vitinha
98%
MIL Portugal PSG Vitinha
98%
ATT France PSG Bradley Barcola
95%
G France RC Lens Brice Samba
95%
ATT Argentine PSG Lionel Messi
95%
ATT Pays-Bas OL Memphis Depay
95%
MIL France OL Corentin Tolisso
93%
ATT France RC Lens Florian Thauvin
90%
ATT Gabon OM Pierre-Emerick Aubameyang
90%
G France LOSC Lucas Chevalier
88%
DEF RD Congo OM Chancel Mbemba
83%
MIL Côte d'Ivoire RC Lens Seko Fofana
83%
MIL Côte d'Ivoire RC Lens Seko Fofana
83%
DEF France PSG Presnel Kimpembe
80%
DEF Autriche RC Lens Kevin Danso
78%
DEF France RC lens Jonathan Clauss
75%
DEF France RC Lens Jonathan Clauss
75%
MIL France Stade Brestois Pierre Lees-Melou
75%
G France RC Lens Robin Risser
75%
ATT Belgique RC Lens Loïs Openda
73%
ATT France AS Monaco Wissam Ben Yedder
73%
MIL France PSG Warren Zaïre-Emery
70%
MIL Brésil OL Lucas Paquetá
68%
DEF France RC Lens Malang Sarr
65%
MIL France OL Rayan Cherki
63%
DEF France OM William Saliba
63%
MIL France LOSC Benjamin André
58%
MIL Mali RC Lens Mamadou Sangaré
58%
ATT France Stade Rennais Martin Terrier
58%
MIL France AS Monaco Aurélien Tchouaméni
55%
MIL France AS Monaco Aurélin Tchouaméni
55%
MIL France OM Dimitri Payet
55%
DEF Mozambique LOSC Reinildo Mandava
48%
DEF France LOSC Leny Yoro
45%
MIL France OM Valentin Rongier
45%
DEF France Stade Brestois Bradley Locko
38%
MIL France OGC Nice Khéphren Thuram
25%
Aucun quiz correspondant
Distribution des résultats
% des personnes avec chaque résultat
Percentile par nombre de réponses
Votre historique - résultats
Vous n’avez pas pris ce quiz depuis la dernière actualisation